Представление документа в формате RUSMARC

ПолеНазваниеЗначение
  Тип записи a
  Библиографический уровень m
001 Контрольный номер RU\NLR\BIBL_A\010673819
005 Дата корректировки 20201206204956.3
010 Индекс ISBN __
a ISBN 978-5-4448-0232-8
100 Данные общей обработки __
a Данные общей обработки 19151127m2015||||||| 0rusy0189 ca
101 Язык документа 0_
a Язык текста rus
102 Страна публикации __
a Страна публикации RU|
105 Кодированные данные (монография) __
a Кодированные данные (монография) #||||||||01zy
200 Заглавие и сведения об ответственности 1_
a Заглавие Новая русская музыкальная критика, 1993-2003
e Сведения, относящиеся к заглавию [сборник статей] : в 3 т.
f Первые сведения об ответственности [авторы-составители: Ольга Манулкина, Павел Гершензон]
b Общее обозначение материала Текст
210 Выходные данные __
a Место издания Москва
c Издательство Новое литературное обозрение
d Дата издания 2015
215 Физическое описание __
a Объем 3 т.
300 Общие примечания __
a Общие примечания Издано при содействии фестиваля "Золотая маска"
330 Аннотация __
a Аннотация Новая российская музыкальная критика возникла в начале 1990-х годов одновременно с новыми независимыми медиа. Главными принципами новых медиа и новой критики были актуальность, оперативность, жесткость, динамичность - все то, что обычно входит в понятие "новая волна". Новая российская музыкальная критика 1990-х поставила перед собой амбициозную задачу сформировать новое ощущение музыки, театра, сформировать l'esprit nouveau, встать в авангард художественного процесса.
606 Тематические рубрики __
a Основная рубрика Музыка и зрелищные искусства
z Хронологическая подрубрика 20 в.
z Хронологическая подрубрика 21 в.
y Географическая подрубрика Россия
606 Тематические рубрики __
a Основная рубрика Музыка в целом
610 Ключевые слова __
a Ключевые слова балет
a Ключевые слова концертная музыка
a Ключевые слова музыкальная критика
a Ключевые слова музыкальные жанры
a Ключевые слова оперы
a Ключевые слова русская музыка
a Ключевые слова русская музыкальная критика
686 Индексы других классификаций __
2 Код системы rubbks
a Классификационный индекс 85.31
702 Вторичная интеллектуальная ответственность __
a Фамилия Манулкина
b Имя О.
4 Код отношения Составитель
4 Код отношения 220
702 Вторичная интеллектуальная ответственность _1
a Фамилия Гершензон
b Имя П.
4 Код отношения Составитель
4 Код отношения 220
711 Наименование организации. (Альтернативная ответственность) __
a Организация/ юрисдикция Золотая маска, фестиваль
801 Источник записи _0
a Страна RU
b Организация Муниципальное бюджетное учреждение культуры "Централизованная библиотечная система" г. Сургут (Центральная городская библиотека им. А. С. Пушкина)
c Дата составления 20151127
g Правила каталогизации КиК/Котельникова
801 Источник записи _1
a Страна RU
b Организация Муниципальное бюджетное учреждение культуры "Централизованная библиотечная система" г. Сургут (Центральная городская библиотека им. А. С. Пушкина)
c Дата составления 20151127
g Правила каталогизации КиК/Котельникова
852 Данные о местонахождении __
j Шифр хранения 85.31
i Авторский знак Н 72
901 Тип документа __
t Тип документа v
903 Характеристики (МАРС) __
a Дата передачи 20151127